Essentials of Marketing Analytics/ (Record no. 207337)

MARC details
000 -LEADER
fixed length control field 00719nam a22002297a 4500
005 - DATE AND TIME OF LATEST TRANSACTION
control field 20241203113248.0
010 ## - LCCN (DPL NO)
LC control number ENG-142817
020 ## - INTERNATIONAL STANDARD BOOK NUMBER
International Standard Book Number 9789355327192
Terms of availability 925.00
035 ## - SYSTEM CONTROL NUMBER
System control number EN-126349
037 ## - SOURCE OF ACQUISITION
Source of stock number/acquisition DBAD
082 ## - DEWEY DECIMAL CLASSIFICATION NUMBER
Edition number 1
Classification number 658.83
100 ## - MAIN ENTRY--PERSONAL NAME
Personal name Hair, Joseph F.
245 ## - TITLE STATEMENT
Title Essentials of Marketing Analytics/
Statement of responsibility, etc By Joseph F. Hair...[et.al]
250 ## - EDITION STATEMENT
Edition statement 1
260 ## - PUBLICATION, DISTRIBUTION, ETC. (IMPRINT)
Place of publication, distribution, etc Chennai
Name of publisher, distributor, etc McGraw Hill
Date of publication, distribution, etc 2024
270 ## - ADDRESS
Address 5/90 A, Butt Road, St. Thomas Mount
City Chennai
Postal code 600016
300 ## - PHYSICAL DESCRIPTION
Extent xx,492p.
Dimensions 25cm(pb)
Other physical details Index
700 ## - ADDED ENTRY--PERSONAL NAME
Personal name Harrison, Dana E.
Relator term Author
9 (RLIN) 74550
700 ## - ADDED ENTRY--PERSONAL NAME
Personal name Ajjan, Haya
Relator term Author
9 (RLIN) 74551
700 ## - ADDED ENTRY--PERSONAL NAME
Personal name Adhikari, Atanu
Relator term Author
9 (RLIN) 74552
942 ## - ADDED ENTRY ELEMENTS (KOHA)
Source of classification or shelving scheme Dewey Decimal Classification
Item type English Books
Classification part 658.83
Call number suffix HAI
Edition 1
Holdings
Withdrawn status Lost status Not for loan Collection code Home library Current library Date acquired Source of acquisition Cost, normal purchase price Full call number Barcode Copy number Cost, replacement price Koha item type
      Non-fiction Ashok Vihar Ashok Vihar 03/12/2024 Delivery of Books Act Division 925.00 658.83 HAI EN-126349 1 925.00 English Books

© Delhi Public Library
Hit Counter
free hit counter